| 000 | 00705nam a2200157 a 4500 | ||
|---|---|---|---|
| 008 | 120416nuuuuuuuuxx |||||||||||||| || u | ||
| 050 | _aHC 865 Ken | ||
| 245 | 0 | 0 |
_aDevelopment plan for the period 1979 -1983 _cOffice of the Presdent, Kenya |
| 260 | _cNairobi | ||
| 300 | _a2 vol. : ill | ||
| 350 | _a0.00 | ||
| 650 | 0 | _aECONOMICS | |
| 650 | _aECONOMIC DEVELOPMENT PLAN--KENYA--1979-1983 | ||
| 995 |
_aANNEX COLLECTION (Main Library) _D0.00 _e701131 _FCBU-MAIN LIBRARY (Kitwe) _H2 _I0.00 _jHC 865 Ken _M2 _UAVAILABLE _y002983 _ZAnnex Low-Usage Collection |
||
| 995 |
_aANNEX COLLECTION (Main Library) _D0.00 _e701130 _FCBU-MAIN LIBRARY (Kitwe) _H1 _I0.00 _jHC 865 Ken _M1 _UAVAILABLE _y002981 _ZAnnex Low-Usage Collection |
||
| 999 |
_c63507 _d63507 |
||